|
|
|
|
| LEADER |
00000nam0a2200000 4500 |
| 001 |
319572 |
| 005 |
20231102003208.0 |
| 035 |
|
|
|a (RuTPU)RU\TPU\book\345081
|
| 090 |
|
|
|a 319572
|
| 100 |
|
|
|a 20160603d1940 km y0rusy50 ca
|
| 101 |
0 |
|
|a rus
|
| 102 |
|
|
|a RU
|
| 105 |
|
|
|a a z 001zy
|
| 200 |
1 |
|
|a Физико-химические методы испытания лакокрасочных материалов
|f С. В. Якубович [и др.]
|
| 210 |
|
|
|a Москва
|a Ленинград
|c Стандартгиз
|d 1940
|
| 215 |
|
|
|a 198 с.
|c ил.
|
| 320 |
|
|
|a Предметный указатель: с. 193-198
|
| 606 |
1 |
|
|a Лакокрасочные материалы синтетические
|2 stltpush
|3 (RuTPU)RU\TPU\subj\39839
|9 59744
|
| 610 |
1 |
|
|a испытания
|
| 610 |
1 |
|
|a физико-химические методы
|
| 610 |
1 |
|
|a химический анализ
|
| 610 |
1 |
|
|a пигменты
|
| 610 |
1 |
|
|a качественный анализ
|
| 610 |
1 |
|
|a примеси
|
| 610 |
1 |
|
|a количественные оценки
|
| 610 |
1 |
|
|a цинковые белила
|
| 610 |
1 |
|
|a зелень
|
| 610 |
1 |
|
|a лазурь
|
| 610 |
1 |
|
|a ультрамарин
|
| 610 |
1 |
|
|a наполнители
|
| 610 |
1 |
|
|a смолы
|
| 610 |
1 |
|
|a растворители
|
| 610 |
1 |
|
|a олифы
|
| 610 |
1 |
|
|a лаки
|
| 610 |
1 |
|
|a пленкообразователи
|
| 610 |
1 |
|
|a лакокрасочные пленки
|
| 610 |
1 |
|
|a лакокрасочные покрытия
|
| 610 |
1 |
|
|a антикоррозионные свойства
|
| 610 |
1 |
|
|a казеины
|
| 610 |
1 |
|
|a компаунды
|
| 610 |
1 |
|
|a электроизоляционные лаки
|
| 675 |
|
|
|a 667.6
|v 4
|
| 701 |
|
1 |
|a Якубович
|b С. В.
|
| 701 |
|
1 |
|a Терло
|b Г. Я.
|
| 701 |
|
1 |
|a Сабунаев
|b В. Б.
|
| 701 |
|
1 |
|a Дмитров
|b В. В.
|
| 702 |
|
1 |
|a Якубович
|b С. В.
|4 340
|
| 801 |
|
1 |
|a RU
|b 63413507
|c 20160603
|
| 801 |
|
2 |
|a RU
|b 63413507
|c 20200129
|g RCR
|
| 942 |
|
|
|c BK
|